SNL Trivia Quiz #1 - Statistics

General Stats
  • This quiz has been taken 101 times
  • The average score is 10 of 15
Answer Stats
Question Answer % Correct
What year was the first season of SNL? 1975
98%
Sarah Silverman was on SNL for only 2 seasons. True or False? False
91%
Who created SNL? Lorne Michaels
87%
Seth Meyers hosted Weekend Update with Cecily Strong. True or False? True
86%
When did Kenan Thompson join the show as a cast member? 2003
84%
Who is the longest-tenured cast member in SNL history? Kenan Thompson
78%
Who played the titular character in SNL's 1992 Film 'Wayne's World'? Mike Myers
75%
Who holds the record for the most times hosting SNL? Alec Baldwin
69%
Which original SNL cast member played Pierce Hawthorne on the NBC show 'Community'? Chevy Chase
67%
Which NBA Player hosted SNL in 1991? Michael Jordan
67%
Who played the iconic character 'Debbie Downer'? Rachel Dratch
67%
Who was the youngest host of SNL, aged 7 years old? Drew Barrymore
59%
What is the name of the studio SNL films in, on 30 Rockefeller Plaza? Studio 8H
39%
Which former SNL cast member is married to 'How I Met Your Mother' star Cobie Smulders? Taran Killam
32%
Who is the youngest cast member SNL ever hired? Anthony Michael Hall
25%
No matching quizzes found
Score Distribution
Percent of People with Each Score
Percentile by Number Answered
Your Score History
You have not taken this quiz